000 00457nam a2200181Ia 4500
008 100917s9999 xx 000 0 und d
082 _b44427
100 _aकवि संजीव
245 _aमाणूस
260 _bरविंद्र प्रकाशन
_c---
300 _a55
365 _b6
520 _aकविता
630 _aमाणूस
650 _aकविता
730 _aमाणूस
942 _cBOOK
999 _c649821
_d649818